Science Quiz

Random Science or Biology Quiz

Six Kingdoms Quiz Stats

 Plays Quiz Updated Dec 23, 2018

Support Sporcle.
Go Orange.
Score 0/6 Timer 02:00
0 Plays Today
% Correct
Animalia
96.4%
Plantae
89.3%
Fungi
81.8%
Eubacteria
74.1%
Protista
46.8%
Archaebacteria
33.6%

You're not logged in!

Compare scores with friends on all Sporcle quizzes.
OR
Log In
Forgot?

From the Vault

Follow That Line: Rick and Morty

by Chenchilla

We're pretty sure Rick and Morty don't follow many lines. Too busy getting up to weird interdimensional shenanigans.
Remove Ads.
Support Sporcle.
Get the best of Sporcle when you Go Orange. This ad-free experience offers more features, more stats, and more fun while also helping to support Sporcle. Thank you for becoming a member.

Show Comments

Extras

Top Quizzes Today


Score Distribution

Your Account Isn't Verified!

In order to create a playlist on Sporcle, you need to verify the email address you used during registration. Go to your Sporcle Settings to finish the process.

Report this User

Report this user for behavior that violates our Community Guidelines.

Details: